000 01271cam a2200337 i 4500
001 40319
003 Mx-PuUPA
005 20250603112412.0
008 140415s2017 mx gr 000 0 spa d
020 _a9786077473817
040 _aMx-PuUPA
_bspa
_cMx-PuUPA
_dMx-PuUPA
_erda
041 1 _aspa
_heng
100 1 _aChomsky, Noam
_eautor
240 1 0 _aWhat kind of creatures are we?.
_lEspañol
245 1 0 _a¿Qué clase de criaturas somos? /
_cNoam Chomsky ; traducción de Jorge Paredes
250 _aPrimera edición /
_bagosto
264 1 _aCiudad de México :
_bEdiciones Culturales Paidós,
_bEditorial Ariel,
_c©2017
300 _a191 páginas ;
_c23 cm
336 _2rdacontent
_atexto
_btxt
337 _2rdamedia
_asin medio
_bn
338 _2rdacarrier
_avolumen
_bnc
500 _aReimpresiones: (Tercera, enero de 2018).
650 7 _2armarc
_aLenguaje y lenguas
_xFilosofía
650 7 _2armarc
_aFilología
700 1 _aParedes, Jorge
_etraductor
765 0 _aChomsky, Noam,
_tWhat kind of creatures are we?.
_dNueva York : Columbia University Press, ©2016
942 _2ddc
_cLI
_h401
_iC5418
999 _c40319
_d40319